| 000 | 00999nam a22002417a 4500 | ||
|---|---|---|---|
| 005 | 20100813110123.0 | ||
| 010 | _aENG-100201 | ||
| 020 |
_a817520107x _c400.00 |
||
| 035 | _aEN-83733 | ||
| 037 | _bDBAD/PUB | ||
| 082 | _a379.1214 | ||
| 245 |
_aFinancing higher education / _cedited by Usha Rai Negi, Bijayalazmi Mishra [and] Rishi Dev Anand |
||
| 260 |
_aNew Delhi _bAssociation of Indian Universities _c2009 |
||
| 270 |
_a16 Comrade Indrajit Gupta Marg 9Kotla Marg) _bNew Delhi _e110002 |
||
| 300 |
_axxxii,290p. _c23cm (pbk) |
||
| 490 |
_aSelections from University News-19 _913773 |
||
| 650 |
_aEconomic development-effect of education on _913774 |
||
| 650 |
_aEducation , Higher - Economic aspects _913775 |
||
| 700 |
_aMishra, Bijayalaxmi _912173 |
||
| 700 |
_aAnand, Rishi Dev _912174 |
||
| 942 |
_2ddc _cEN _h379.1214 _mFIN |
||
| 999 |
_c41495 _d41495 |
||